| 000 | 00881cam a22002775a 4500 | ||
|---|---|---|---|
| 001 | 18407434 | ||
| 005 | 20160511114501.0 | ||
| 008 | 141216t2015 gw a frb 001 0 eng d | ||
| 020 | _a9783658078836 | ||
| 040 |
_aDLC _beng _cDLC _dEG-ScBUE |
||
| 082 | 0 | 4 |
_222 _a658.049 _bMOR |
| 100 | 1 |
_aMorschett, Dirk _939959 |
|
| 245 | 1 | 0 |
_aStrategic international management : _btext and cases / _cDirk Morschett, Hanna Schramm-Klein, Joachim Zentes. |
| 250 | _a3rd ed. | ||
| 260 |
_aBerlin : _bSpringer Gabler, _cc.2015. |
||
| 300 |
_aix, 565 p. : _bill. ; _c24 cm. |
||
| 490 | 0 | _aLehrbuch. | |
| 500 | _aIndex : p. 557-565. | ||
| 504 | _aIncludes bibliographical references. | ||
| 650 | 7 |
_2BUEsh _94507 _aInternational business enterprises _xManagement. |
|
| 651 | _2BUEsh | ||
| 653 |
_bBUSADM _cMay2016 |
||
| 700 | 1 | _aSchramm-Klein, Hanna | |
| 700 | 1 | _aZentes, Joachim | |
| 942 | _2ddc | ||
| 999 |
_c21729 _d21701 |
||